[Event "18th American Continental"]
[Site "Foz do Iguacu BRA"]
[Date "2025.05.26"]
[Round "5.8"]
[White "Baules Rodriguez, Jorge Luis"]
[Black "Diamant, Andre"]
[Result "0-1"]
[WhiteTitle "IM"]
[BlackTitle "GM"]
[WhiteElo "2257"]
[BlackElo "2487"]
[WhiteFideId "6600247"]
[BlackFideId "2108356"]
[EventDate "2025.05.23"]

1. d4 Nf6 2. c4 g6 3. Nc3 Bg7 4. e4 d6 5. Nf3 O-O 6. Be2 Na6 7. O-O e5 8. Be3
Ng4 9. Bg5 Qe8 10. c5 h6 11. Bh4 g5 12. Bg3 exd4 13. Nd5 c6 14. Bxd6 cxd5 15.
exd5 Qe4 16. Bc4 Rd8 17. Re1 Qg6 18. h3 Nf6 19. Ne5 Qh5 20. Be2 g4 21. hxg4 Qg5
22. Bc4 Nxg4 23. Nxf7 Kxf7 24. Be7 Qf4 25. d6+ Kg6 26. Bxd8 Bf5 27. Qf3 Qh2+ 28.
Kf1 Rxd8 29. Qxb7 Qf4 30. Re2 Nxc5 31. Qf7+ Kh7 0-1

[Event "18th American Continental"]
[Site "Foz do Iguacu BRA"]
[Date "2025.05.26"]
[Round "5.9"]
[White "Marrujo Pardo, Mauricio Emmanuel"]
[Black "Henriquez Villagra, Cristobal"]
[Result "0-1"]
[WhiteTitle "FM"]
[BlackTitle "GM"]
[WhiteElo "2349"]
[BlackElo "2597"]
[WhiteFideId "3943755"]
[BlackFideId "3409350"]
[EventDate "2025.05.23"]

1. e4 c6 2. Nf3 d5 3. d3 g6 4. Nbd2 Bg7 5. Be2 e5 6. O-O Ne7 7. a4 a5 8. c3 O-O
9. Qc2 c5 10. exd5 Nxd5 11. Re1 Nc6 12. Nc4 h6 13. Bf1 Re8 14. g3 Rb8 15. Bg2 b6
16. Bd2 Bf5 17. Rad1 Qd7 18. Bc1 Bg4 19. Ne3 Be6 20. Nc4 Bg4 21. Ne3 Nxe3 22.
Rxe3 Rbd8 23. Rde1 Bf5 24. Nh4 Be6 25. Nf3 Bd5 26. Nd2 Bxg2 27. Kxg2 Ne7 28. Nc4
Nf5 29. R3e2 Qd5+ 30. Kg1 Re6 31. f4 f6 32. fxe5 fxe5 33. Bf4 exf4 34. Rxe6 Nd4
35. Qg2 f3 36. Nxb6 Nxe6 37. Nxd5 fxg2 38. Ne7+ Kf7 39. Nc6 Ra8 40. Kxg2 Ra6 41.
Ne5+ Bxe5 42. Rxe5 Rb6 43. Re2 Rd6 44. Re3 Kf6 45. Kf3 Ng5+ 46. Kf2 Nf7 47. Ke2
Rb6 48. Rf3+ Ke6 49. Re3+ Kd7 0-1

[Event "18th American Continental"]
[Site "Foz do Iguacu BRA"]
[Date "2025.05.26"]
[Round "5.10"]
[White "Valdes Escobar, Alvaro"]
[Black "Mareco, Sandro"]
[Result "1/2-1/2"]
[WhiteTitle "IM"]
[BlackTitle "GM"]
[WhiteElo "2317"]
[BlackElo "2585"]
[WhiteFideId "3405451"]
[BlackFideId "112275"]
[EventDate "2025.05.23"]

1. e4 e5 2. Nf3 Nc6 3. Nc3 Nf6 4. d4 exd4 5. Nxd4 Bb4 6. Nxc6 bxc6 7. Bd3 O-O 8.
O-O d5 9. Bd2 Rb8 10. Re1 Re8 11. h3 Be6 12. b3 h6 13. e5 Nd7 14. f4 Nc5 15. Ne2
Qh4 16. Bxb4 Rxb4 17. Qd2 a5 18. Rf1 Nxd3 19. cxd3 c5 20. Rac1 c4 21. Nd4 Bc8
22. bxc4 dxc4 23. Rxc4 Rxc4 24. dxc4 a4 25. Qe3 Qe7 1/2-1/2

[Event "18th American Continental"]
[Site "Foz do Iguacu BRA"]
[Date "2025.05.26"]
[Round "5.11"]
[White "Caceres Benitez, Arturo Eduardo"]
[Black "Supi, Luis Paulo"]
[Result "0-1"]
[WhiteTitle "FM"]
[BlackTitle "GM"]
[WhiteElo "2313"]
[BlackElo "2566"]
[WhiteFideId "3710769"]
[BlackFideId "2106388"]
[EventDate "2025.05.23"]

1. Nf3 Nf6 2. b3 d5 3. Bb2 Bf5 4. g3 e6 5. Bg2 Be7 6. d3 O-O 7. O-O a5 8. a4 h6
9. Nbd2 Bh7 10. Re1 c6 11. e4 Na6 12. e5 Nd7 13. Nd4 Qb6 14. f4 c5 15. Nb5 c4+
16. d4 cxb3 17. c4 Bc2 18. Qf3 Bb4 19. Re2 Bxd2 20. Rxd2 Nb4 21. Nd6 dxc4 22.
Nxc4 Qc6 23. Nd6 Qxf3 24. Bxf3 Nb6 25. Be2 Rab8 26. Bb5 Nc8 27. Re1 Rd8 28. Nxc8
Rbxc8 29. Re3 Nd5 30. Rf3 Nb6 31. Rf1 Be4 32. Ba3 Nc4 33. Bxc4 Rxc4 34. Bb2 Rxa4
35. g4 Ra2 36. Re1 Bd5 37. Ra1 Rxa1+ 38. Bxa1 b5 39. Kf2 b4 40. f5 a4 41. Ke3 a3
42. Kf4 Rc8 0-1

[Event "18th American Continental"]
[Site "Foz do Iguacu BRA"]
[Date "2025.05.26"]
[Round "5.12"]
[White "Reyes Zavaleta, Fabian Ricardo"]
[Black "Garcia Pantoja, Roberto"]
[Result "0-1"]
[WhiteTitle "FM"]
[BlackTitle "GM"]
[WhiteElo "2299"]
[BlackElo "2531"]
[WhiteFideId "3844153"]
[BlackFideId "3509265"]
[EventDate "2025.05.23"]

1. d4 d5 2. c4 e6 3. Nf3 Nf6 4. g3 Be7 5. Bg2 O-O 6. O-O a5 7. Qc2 Nc6 8. a3
dxc4 9. Qxc4 a4 10. Nc3 Bd7 11. Bg5 Na5 12. Qd3 Nb3 13. Rad1 h6 14. Bxf6 Bxf6
15. Nd2 Nxd2 16. Rxd2 c6 17. Ne4 Be7 18. Nc5 Bc8 19. Rc1 Ra5 20. Qc2 Bxc5 21.
dxc5 Qf6 22. Qc3 Qxc3 23. Rxc3 e5 24. e4 Re8 25. Bf1 Kf8 26. f3 g5 27. Kf2 Ke7
28. Ke3 Be6 29. Rd6 Rg8 30. Be2 h5 31. Rd2 h4 32. g4 Rb8 33. Rdc2 Bb3 34. Rc1
Rd8 35. Rd3 Rxd3+ 36. Bxd3 Kd8 37. Rc3 Kc7 38. Kd2 Be6 39. Kc2 Bb3+ 40. Kc1 b6
41. cxb6+ Kxb6 42. Kd2 Ra7 43. Bc4 Bxc4 44. Rxc4 c5 45. Rc3 Rd7+ 46. Kc2 Kc6 47.
b4 axb3+ 48. Rxb3 c4 49. Rb4 Kc5 50. Ra4 Rd3 51. Ra5+ Kd4 52. Rd5+ Ke3 53. a4
Ra3 54. Rxe5 Kxf3 55. Rxg5 Kg2 56. Rh5 h3 57. e5 Kxh2 58. g5 Rg3 59. a5 Kg2 60.
a6 h2 61. e6 fxe6 62. a7 Ra3 63. g6 Rxa7 64. Rg5+ Kf3 65. Rh5 Rg7 66. Rxh2 Rxg6
67. Kc3 e5 68. Kxc4 Rd6 69. Kc3 e4 70. Rh3+ Kg4 71. Rh1 e3 72. Rh8 e2 73. Re8
Kf3 74. Kc2 Rd1 0-1

[Event "18th American Continental"]
[Site "Foz do Iguacu BRA"]
[Date "2025.05.26"]
[Round "5.13"]
[White "Tomiello, Lucas Costamilan"]
[Black "Quintiliano, Renato R."]
[Result "1-0"]
[WhiteTitle "FM"]
[BlackTitle "GM"]
[WhiteElo "2308"]
[BlackElo "2511"]
[WhiteFideId "22701940"]
[BlackFideId "2117568"]
[EventDate "2025.05.23"]

1. e4 c5 2. Nf3 d6 3. d4 cxd4 4. Nxd4 Nf6 5. Nc3 a6 6. h3 e6 7. g4 Nfd7 8. Be3
Be7 9. Qd2 b5 10. a3 Bb7 11. g5 Nc6 12. h4 O-O 13. O-O-O Nc5 14. Nxc6 Bxc6 15.
f3 Qb8 16. h5 a5 17. h6 g6 18. b4 axb4 19. axb4 Nd7 20. f4 Rc8 21. Kb2 Bf8 22.
Be2 Nc5 23. bxc5 b4 24. Nd5 exd5 25. exd5 Ba4 26. c6 b3 27. c4 Bxc6 28. Ra1 Ra2+
29. Rxa2 bxa2+ 30. Ka1 Bd7 31. Bd4 Bf5 32. Bb2 Re8 33. Qc3 f6 34. Bd1 Qd8 35.
gxf6 Kf7 36. Bb3 Qb6 37. Bc2 Bxc2 38. Qxc2 Qb4 39. f5 Re1+ 40. Rxe1 Qxe1+ 41.
Kxa2 Qa5+ 42. Ba3 Bxh6 43. Qe4 Kxf6 44. fxg6 hxg6 45. Qe6+ Kg5 46. Qxd6 Bg7 47.
Qg3+ Kh5 48. Qh3+ Kg5 49. Qe3+ Kh5 50. d6 Qa4 51. Qe2+ Kh6 52. Qd3 g5 53. d7 Bf6
54. Kb1 Qa8 55. c5 Qh1+ 56. Kc2 Qg2+ 57. Kb3 Qb7+ 58. Bb4 Bd8 59. Qd6+ Kh5 60.
c6 Qb6 61. Qc5 Qb8 62. Kc4 Qf4+ 63. Qd4 Qf1+ 64. Qd3 Qf4+ 65. Kb3 Qf7+ 66. Ka4
g4 67. Kb5 Kh6 68. Qe3+ Kg6 69. Qe4+ Kh5 70. Qe8 1-0

[Event "18th American Continental"]
[Site "Foz do Iguacu BRA"]
[Date "2025.05.26"]
[Round "5.14"]
[White "Hardaway, Brewington"]
[Black "Piccoli, Lucas Fonseca"]
[Result "1/2-1/2"]
[WhiteTitle "GM"]
[WhiteElo "2502"]
[BlackElo "2284"]
[WhiteFideId "30941849"]
[BlackFideId "2190788"]
[EventDate "2025.05.23"]

1. e4 e5 2. Nf3 Nc6 3. Bc4 Nf6 4. d3 h6 5. a4 d6 6. Nc3 g6 7. h3 Bg7 8. Be3 O-O
9. a5 a6 10. O-O Kh7 11. Re1 Be6 12. Bxe6 fxe6 13. d4 exd4 14. Nxd4 Nxd4 15.
Bxd4 Nd7 16. Be3 Ne5 17. Qe2 Nc6 18. Qd2 Qh4 19. Ra4 Be5 20. Ne2 g5 21. f3 Rf6
22. Ra3 Raf8 23. Bf2 Bh2+ 24. Kf1 Rxf3 25. Rxf3 Rxf3 26. Ng1 Rf8 27. Nf3 Qf4 28.
Qxf4 Bxf4 29. b4 h5 30. Ke2 g4 31. hxg4 hxg4 32. Nd4 Nxd4+ 33. Bxd4 Kg6 34. Rh1
e5 35. Ba7 Bg5 36. c4 Ra8 37. Bf2 Rf8 38. Ba7 c6 39. Bb6 Rf4 40. Kd3 Rf8 41. Ke2
Rf4 42. Kd3 Rf8 43. Ke2 Rf4 1/2-1/2

[Event "18th American Continental"]
[Site "Foz do Iguacu BRA"]
[Date "2025.05.26"]
[Round "5.31"]
[White "Palacio, Igor Da Paz"]
[Black "Melian, Juan Sebastian"]
[Result "0-1"]
[BlackTitle "FM"]
[WhiteElo "2165"]
[BlackElo "2358"]
[WhiteFideId "2121140"]
[BlackFideId "3706575"]
[EventDate "2025.05.23"]

1. Nf3 d5 2. g3 c5 3. Bg2 Nc6 4. O-O e5 5. d3 Be7 6. e4 d4 7. Ne1 g5 8. f4 gxf4
9. gxf4 Nf6 10. f5 Rg8 11. h3 Bd7 12. Kh2 Qc7 13. a4 O-O-O 14. Na3 a6 15. Bd2
Kb8 16. Nc4 b6 17. Kh1 Bc8 18. Bf3 Rg3 19. Bg2 Rdg8 20. Rf2 Qd8 21. Kh2 Qf8 22.
Bf1 Qg7 23. Rg2 Kc7 24. Qe2 h5 25. Nf3 h4 26. Be1 Nh5 27. Bd2 Qh8 28. c3 Qf6 29.
Ng1 Qh8 30. Nf3 Bd7 31. Qf2 Qf6 32. Qe2 Bf8 33. Ng1 Qh8 34. a5 Bh6 35. Nxb6 Ne7
36. f6 Bf4 37. Rxg3 hxg3+ 38. Kh1 g2+ 0-1

[Event "18th American Continental"]
[Site "Foz do Iguacu BRA"]
[Date "2025.05.26"]
[Round "5.32"]
[White "Campos Gomez, Manuel"]
[Black "Piasetski, Leon"]
[Result "1-0"]
[WhiteTitle "IM"]
[BlackTitle "IM"]
[WhiteElo "2355"]
[BlackElo "2153"]
[WhiteFideId "4444710"]
[BlackFideId "2600072"]
[EventDate "2025.05.23"]

1. Nf3 Nf6 2. c4 e6 3. g3 d5 4. Bg2 Be7 5. O-O O-O 6. b3 a5 7. Nc3 c6 8. d4 b6
9. Qc2 Ba6 10. Ne5 Nfd7 11. Nd3 dxc4 12. bxc4 Bxc4 13. a3 Bd5 14. e4 Bc4 15. Rd1
Ra7 16. Bf4 g5 17. Be3 Rc7 18. f4 h6 19. Bf3 Kg7 20. Qb2 Kh7 21. Qc2 Kg7 22. Rd2
Qc8 23. Rg2 Rh8 24. Rf2 f6 25. Nb2 Ba6 26. Qd2 Qf8 27. e5 f5 28. fxg5 Bxa3 29.
gxh6+ Kh7 30. Nc4 Be7 31. Bg5 Rg8 32. Bxe7 Qxe7 33. Nd6 Nf8 34. Kh1 Ng6 35. g4
f4 36. Be4 Kxh6 37. Rf3 Rf8 38. Rh3+ 1-0

[Event "18th American Continental"]
[Site "Foz do Iguacu BRA"]
[Date "2025.05.26"]
[Round "5.33"]
[White "Contreras Huaman, Fiorella"]
[Black "Bueno, Alfeu Junior Varela"]
[Result "1-0"]
[WhiteTitle "WIM"]
[BlackTitle "FM"]
[WhiteElo "2341"]
[BlackElo "2142"]
[WhiteFideId "3824675"]
[BlackFideId "2108879"]
[EventDate "2025.05.23"]

1. e4 e6 2. d4 d5 3. Nc3 Nf6 4. e5 Nfd7 5. f4 c5 6. Nf3 Nc6 7. Be3 cxd4 8. Nxd4
Bc5 9. Qd2 O-O 10. O-O-O a6 11. Nb3 Bb4 12. Bd3 f6 13. exf6 Nxf6 14. Rhf1 Kh8
15. a3 Bd6 16. h3 b5 17. Nd4 Qc7 18. Nxc6 Qxc6 19. g4 b4 20. axb4 Bxb4 21. Bd4
a5 22. g5 Nh5 23. Qe2 Ng3 24. Qe5 Rg8 25. g6 h6 26. Rf3 Bd6 27. Qe1 Nf5 28. Bxf5
exf5 29. Qh4 Bxf4+ 30. Qxf4 Qxg6 31. Rg1 Qh5 32. Rfg3 1-0

[Event "18th American Continental"]
[Site "Foz do Iguacu BRA"]
[Date "2025.05.26"]
[Round "5.34"]
[White "Buganca, Luiz Henrique Da Silva"]
[Black "Casalaspro, Mathias Andre"]
[Result "1-0"]
[WhiteTitle "CM"]
[BlackTitle "FM"]
[WhiteElo "2114"]
[BlackElo "2319"]
[WhiteFideId "2182289"]
[BlackFideId "22772626"]
[EventDate "2025.05.23"]

1. d4 Nf6 2. c4 d6 3. Nf3 g6 4. Nc3 Nbd7 5. e4 e5 6. Be2 Bg7 7. O-O O-O 8. Qc2
c6 9. Rd1 Qe7 10. d5 c5 11. Rb1 Kh8 12. b4 b6 13. a4 cxb4 14. Rxb4 Nc5 15. a5
bxa5 16. Rb5 Qc7 17. Ba3 Nfd7 18. Ra1 a6 19. Rb2 Bh6 20. Rba2 f5 21. exf5 gxf5
22. Nh4 e4 23. Bb2 Ne5 24. Rxa5 Bg5 25. Nb5 Qe7 26. Nxd6 Qxd6 27. Rxc5 Qxc5 28.
Bxe5+ Kg8 29. g3 Bxh4 30. gxh4 Kf7 31. Qd2 Rg8+ 32. Kh1 e3 33. fxe3 f4 34. Rf1
Bh3 35. Rxf4+ Ke7 36. Bf3 Raf8 37. Qc2 Rxf4 38. Bxf4 Rg7 39. Qb2 Rf7 40. Qb7+
Kf6 41. Qxa6+ Kg7 42. Bh6+ Kg8 43. Qa8+ Bc8 44. Bg4 Rf8 45. Bxf8 Qxc4 46. Be6+
Bxe6 47. Bc5+ Kg7 48. Qf8+ Kg6 49. dxe6 Qc1+ 50. Kg2 Qd2+ 51. Kh3 1-0

[Event "18th American Continental"]
[Site "Foz do Iguacu BRA"]
[Date "2025.05.26"]
[Round "5.35"]
[White "Ribeiro, Matheus Mendes Domingues"]
[Black "Librelato, Kathie Goulart"]
[Result "1-0"]
[WhiteTitle "FM"]
[BlackTitle "WIM"]
[WhiteElo "2294"]
[BlackElo "2138"]
[WhiteFideId "324226923"]
[BlackFideId "2153963"]
[EventDate "2025.05.23"]

1. d4 Nf6 2. c4 e6 3. Nc3 d5 4. Nf3 Be7 5. e3 O-O 6. Bd3 dxc4 7. Bxc4 c5 8. O-O
Nc6 9. a3 a6 10. Bd3 cxd4 11. exd4 b5 12. Be3 Bb7 13. Qe2 Qd6 14. b4 e5 15. Rfd1
Nxd4 16. Nxd4 exd4 17. Bxd4 Rfe8 18. Rac1 Qf4 19. Be5 Qh6 20. f4 Bd8 21. Ne4 Nd7
22. Nd6 Nxe5 23. fxe5 Bb6+ 24. Kh1 Rab8 25. Nxe8 Be3 26. Nxg7 Kxg7 27. Rc2 Kh8
28. Qg4 Rd8 29. Qf5 Bg5 30. Rc7 Bf4 31. h3 1-0

[Event "18th American Continental"]
[Site "Foz do Iguacu BRA"]
[Date "2025.05.26"]
[Round "5.36"]
[White "Menna Barreto, Felipe Kubiaki"]
[Black "Gauche, Charles"]
[Result "1/2-1/2"]
[WhiteTitle "FM"]
[BlackTitle "FM"]
[WhiteElo "2276"]
[BlackElo "2112"]
[WhiteFideId "2119757"]
[BlackFideId "2101335"]
[EventDate "2025.05.23"]

1. d4 Nf6 2. c4 e6 3. Nf3 c5 4. e3 b6 5. Nc3 Be7 6. d5 d6 7. e4 e5 8. h3 O-O 9.
Bd3 Na6 10. O-O Ne8 11. Ne2 Bd7 12. Kh2 Nac7 13. g4 b5 14. b3 Kh8 15. Ng3 g6 16.
Bh6 Ng7 17. Qd2 b4 18. Rg1 Rg8 19. Rg2 a5 20. Rag1 a4 21. Ng5 Be8 22. f4 f6 23.
Nf3 exf4 24. Bxf4 g5 25. Be3 axb3 26. axb3 Ra3 27. Qb2 Na6 28. h4 gxh4 29. Nf5
Nb8 30. Bh6 h3 31. Kxh3 Bg6 32. Ng5 Rxb3 33. Qxb3 fxg5 34. Bxg7+ Rxg7 35. Nxg7
Kxg7 36. e5 Nd7 37. Bxg6 hxg6 38. Re2 Nxe5 39. Rxe5 dxe5 40. Qf3 Bd6 41. Rf1 Qe7
42. Re1 Qa7 43. Rf1 Qe7 44. Qe4 Qa7 45. Kg2 Qa2+ 46. Rf2 Qa7 47. Qf3 Qe7 48. Re2
Qa7 49. Qe3 Qe7 50. Kg1 Qa7 51. Qxg5 Qa1+ 52. Kg2 Qd4 53. Ra2 Bc7 54. Rf2 b3 55.
Qe7+ Kh6 56. Qh4+ Kg7 57. Qe7+ Kh6 1/2-1/2

[Event "18th American Continental"]
[Site "Foz do Iguacu BRA"]
[Date "2025.05.26"]
[Round "5.37"]
[White "Brizzi, Milagros Tatiana"]
[Black "Villarreal, Agustin"]
[Result "0-1"]
[WhiteTitle "WIM"]
[BlackTitle "FM"]
[WhiteElo "2152"]
[BlackElo "2272"]
[WhiteFideId "128350"]
[BlackFideId "125687"]
[EventDate "2025.05.23"]

1. e4 e5 2. Nf3 Nc6 3. d4 exd4 4. Nxd4 Nf6 5. Nc3 Bb4 6. Nxc6 bxc6 7. Bd3 O-O 8.
O-O Re8 9. Bg5 h6 10. Bh4 d5 11. exd5 g5 12. Bg3 cxd5 13. Ne2 c5 14. c4 Ba6 15.
cxd5 Bxd3 16. Qxd3 Qxd5 17. Qc2 Qe4 18. Qxe4 Rxe4 19. Nc3 Bxc3 20. bxc3 Nd5 21.
f3 Rc4 22. Rfd1 Nxc3 23. Rd7 Ne2+ 24. Kf1 Nxg3+ 25. hxg3 Rc2 26. Re1 Rb8 27.
Rxa7 Rbb2 28. Re8+ Kg7 29. Ree7 Rc1+ 30. Re1 Rcc2 31. Ree7 Rf2+ 32. Kg1 Rxg2+
33. Kh1 Rgd2 34. Re1 Rh2+ 35. Kg1 Rbg2+ 36. Kf1 Rxg3 37. a4 Rh1+ 38. Kf2 Rxf3+
39. Kxf3 Rxe1 0-1

[Event "18th American Continental"]
[Site "Foz do Iguacu BRA"]
[Date "2025.05.26"]
[Round "5.38"]
[White "Johnson, Joshua"]
[Black "Bauza, Alejandro"]
[Result "1/2-1/2"]
[WhiteTitle "FM"]
[BlackTitle "FM"]
[WhiteElo "2267"]
[BlackElo "2119"]
[WhiteFideId "7700768"]
[BlackFideId "3000060"]
[EventDate "2025.05.23"]

1. e4 e6 2. d4 d5 3. Nc3 Nf6 4. e5 Nfd7 5. f4 c5 6. Nf3 Nc6 7. Be3 a6 8. a3 Qc7
9. Qd2 cxd4 10. Nxd4 Nxd4 11. Bxd4 Bc5 12. O-O-O Bxd4 13. Qxd4 Qc5 14. Ne2 Qxd4
15. Nxd4 Nb6 16. Rd3 O-O 17. Be2 Na4 18. Bf3 Bd7 19. Re3 Rac8 20. Rd1 Rc7 21. g4
Nb6 22. Be2 Nc4 23. Rf3 Na5 24. f5 Nc6 25. Nxc6 Bxc6 26. fxe6 fxe6 27. Rdf1 Rxf3
28. Rxf3 Rf7 29. Kd2 g5 30. Rxf7 Kxf7 31. Kc3 Ke7 32. Kd4 Kd7 33. b3 a5 34. Bd3
h6 35. Bg6 b6 36. Bd3 Kc7 37. Ba6 Be8 38. Bd3 Kc6 39. c4 dxc4 40. Kxc4 b5+ 41.
Kd4 Kb6 42. b4 axb4 43. axb4 1/2-1/2

[Event "18th American Continental"]
[Site "Foz do Iguacu BRA"]
[Date "2025.05.26"]
[Round "5.39"]
[White "Becker, Rogerio Sperb"]
[Black "Silva, Caio Henrique Angelico"]
[Result "1/2-1/2"]
[WhiteElo "2111"]
[BlackElo "2261"]
[WhiteFideId "22767797"]
[BlackFideId "22777210"]
[EventDate "2025.05.23"]

1. c4 e5 2. g3 Nf6 3. Bg2 d5 4. cxd5 Nxd5 5. Nf3 Nc6 6. O-O Nb6 7. Nc3 Be7 8. d3
O-O 9. Be3 Be6 10. a3 Re8 11. Rc1 h6 12. Ne4 Qd7 13. b4 f5 14. Nc5 Bxc5 15. Rxc5
Qd6 16. Qa1 Nd7 17. Rcc1 Bd5 18. b5 Ne7 19. d4 e4 20. Ne5 c6 21. bxc6 bxc6 22.
Nxd7 Qxd7 23. Rb1 Ng6 24. Qb2 Rf8 25. f4 exf3 26. Bxf3 f4 27. Bxf4 Nxf4 28. gxf4
Rxf4 29. Bxd5+ Qxd5 30. Rxf4 Qg5+ 31. Kh1 Qxf4 32. Qb3+ Kh8 33. Qf3 Qxd4 34.
Qxc6 Rf8 35. Rg1 Qe5 36. Qb7 a5 37. Qg2 Re8 38. Rf1 Kh7 39. Qg3 1/2-1/2

[Event "18th American Continental"]
[Site "Foz do Iguacu BRA"]
[Date "2025.05.26"]
[Round "5.40"]
[White "Pierrot, Facundo"]
[Black "Giron Chavez, David Emanuel"]
[Result "1/2-1/2"]
[WhiteTitle "IM"]
[BlackTitle "FM"]
[WhiteElo "2253"]
[BlackElo "2108"]
[WhiteFideId "103250"]
[BlackFideId "7300697"]
[EventDate "2025.05.23"]

1. d4 Nf6 2. c4 e6 3. Nf3 c5 4. d5 exd5 5. cxd5 d6 6. Nc3 g6 7. h3 Bg7 8. e4 O-O
9. Bd3 b5 10. O-O c4 11. Bc2 b4 12. Na4 Bd7 13. Re1 Re8 14. Bd2 Na6 15. Rc1 Rc8
16. Bf4 Bxa4 17. Bxa4 Rxe4 18. Rxe4 Nxe4 19. Qe2 Nac5 20. Rxc4 Nxa4 21. Rxe4 Nb6
22. Bg5 Bf6 23. Bxf6 Qxf6 24. Rxb4 Nxd5 25. Rd4 Ne7 26. Qd2 Nf5 27. Ra4 Rc7 28.
Rb4 h5 29. Qd5 Kg7 30. Rb8 h4 31. Qd2 Rd7 32. Rb4 d5 33. Nd4 Nd6 34. Nf3 Nf5 35.
Nd4 Nd6 36. Nf3 1/2-1/2

[Event "18th American Continental"]
[Site "Foz do Iguacu BRA"]
[Date "2025.05.26"]
[Round "5.41"]
[White "Rodrigues, Edgar"]
[Black "Barrera Caicedo, Hubert"]
[Result "1-0"]
[WhiteTitle "FM"]
[WhiteElo "2245"]
[BlackElo "1910"]
[WhiteFideId "2107090"]
[BlackFideId "3908062"]
[EventDate "2025.05.23"]

1. e4 c5 2. Nf3 Nc6 3. Nc3 g6 4. d4 cxd4 5. Nxd4 Bg7 6. Be3 Nf6 7. Bc4 O-O 8.
Bb3 Ng4 9. Qxg4 Nxd4 10. Qd1 Nxb3 11. axb3 a6 12. Nd5 d6 13. Bb6 Qd7 14. Bd4 Qd8
15. Bxg7 Kxg7 16. Qd4+ Kg8 17. Nb6 Rb8 18. O-O-O Qe8 19. Rd3 Be6 20. f4 Qb5 21.
f5 Bc8 22. Nd5 Re8 23. Qe3 Kg7 24. Nc7 Qd7 25. Rc3 b6 26. Nxe8+ Qxe8 27. g4 Qb5
28. h4 h6 29. Rc7 Qe8 30. g5 h5 31. Rxe7 Qd8 32. Qc3+ Kf8 33. Qf6 Qe8 34. Qh8+ 1-0

[Event "18th American Continental"]
[Site "Foz do Iguacu BRA"]
[Date "2025.05.26"]
[Round "5.42"]
[White "Panjwani, Raja"]
[Black "Pironti, Francisco Ferrari"]
[Result "1-0"]
[WhiteTitle "IM"]
[WhiteElo "2446"]
[BlackElo "2100"]
[WhiteFideId "2604493"]
[BlackFideId "22782311"]
[EventDate "2025.05.23"]

1. d4 Nf6 2. c4 e6 3. g3 d5 4. Bg2 Be7 5. Nf3 O-O 6. Nc3 Nbd7 7. O-O dxc4 8. a4
a5 9. e4 c6 10. Qe2 Nb6 11. Rd1 Bb4 12. Ne5 Qe7 13. Be3 Bd7 14. g4 Be8 15. g5
Nfd7 16. Nxc4 Nxc4 17. Qxc4 f6 18. f4 Bf7 19. Qe2 fxg5 20. fxg5 e5 21. d5 Bc5
22. Kh1 Bxe3 23. Qxe3 Bh5 24. Rf1 Rxf1+ 25. Rxf1 Rf8 26. Rf5 Bg6 27. Rxf8+ Nxf8
28. h4 Qb4 29. Qe2 Qd4 30. h5 Bf7 31. h6 cxd5 32. hxg7 Ng6 33. exd5 Qh4+ 34. Kg1
Qxg5 35. Ne4 Qc1+ 36. Qf1 Qe3+ 37. Qf2 Qc1+ 38. Kh2 Qh6+ 39. Kg1 Nf4 40. d6 Be8
41. Kf1 Qxg7 42. Bf3 Bxa4 43. Qb6 Bc6 44. d7 Bxd7 45. Qd8+ Qf8 46. Qxd7 Ng6 47.
Ng5 Ne7 48. Qe6+ Kg7 49. Qxe5+ Qf6 50. Ne6+ Kf7 51. Nd8+ Kg7 52. Qxf6+ 1-0

[Event "18th American Continental"]
[Site "Foz do Iguacu BRA"]
[Date "2025.05.26"]
[Round "5.43"]
[White "Proudian, Armen"]
[Black "Gonzalez Culi, Diego"]
[Result "1-0"]
[WhiteTitle "FM"]
[WhiteElo "2410"]
[BlackElo "2099"]
[WhiteFideId "2130734"]
[BlackFideId "3409520"]
[EventDate "2025.05.23"]

1. e4 e6 2. d4 d5 3. exd5 exd5 4. Bd3 Nc6 5. c3 Bd6 6. Qf3 Nf6 7. b3 O-O 8. Bg5
Qe8+ 9. Ne2 Ne4 10. Bf4 Qe6 11. Bxd6 Nxd6 12. O-O Ne4 13. Nf4 Qd6 14. Bxe4 dxe4
15. Qxe4 Bd7 16. Nd2 Rfe8 17. Qf3 Ne7 18. Nc4 Qa6 19. Ne5 Bb5 20. Nd5 f6 21.
Nxc7 Qb6 22. Nxa8 Rxa8 23. Nd3 1-0

[Event "18th American Continental"]
[Site "Foz do Iguacu BRA"]
[Date "2025.05.26"]
[Round "5.44"]
[White "Ynojosa Aponte, Felix Jose"]
[Black "Prata, Paulo Roberto Santos"]
[Result "1-0"]
[WhiteTitle "IM"]
[WhiteElo "2392"]
[BlackElo "2091"]
[WhiteFideId "3900258"]
[BlackFideId "2185806"]
[EventDate "2025.05.23"]

1. c4 c5 2. b3 e5 3. Bb2 Nc6 4. a3 Nf6 5. e3 a6 6. Qc2 d5 7. cxd5 Nxd5 8. Nf3
Bd6 9. d3 O-O 10. Nbd2 Bg4 11. Be2 Rc8 12. Rc1 Re8 13. O-O b5 14. h3 Bf5 15.
Rfe1 Nf6 16. Bf1 h6 17. Qb1 Qb6 18. Nh4 Bh7 19. Ne4 Be7 20. Nf3 Nd7 21. Qa1 f5
22. Ng3 Bd6 23. Nh4 Rf8 24. b4 Be7 25. bxc5 Nxc5 26. Nf3 e4 27. dxe4 fxe4 28.
Nd2 Bf6 29. Bxf6 Rxf6 30. Rxc5 Qxc5 31. Ndxe4 Qe5 32. Nxf6+ Qxf6 33. Qa2+ Kh8
34. Rc1 Bg8 35. Qc2 Ne7 36. Qd2 Bc4 37. Ne4 Qe6 38. Nd6 Rc6 39. Nxc4 bxc4 40.
Qd8+ Ng8 41. Qd4 Rd6 42. Qxc4 Qg6 43. Qc2 Qf6 44. Qc3 Qg6 45. a4 Ne7 46. Qc7 Qf6
47. Qb8+ Kh7 48. Qb1+ Kh8 49. Rd1 Nd5 1-0

[Event "18th American Continental"]
[Site "Foz do Iguacu BRA"]
[Date "2025.05.26"]
[Round "5.45"]
[White "Martins, Vinicius Tine"]
[Black "Carcamo, Matias"]
[Result "0-1"]
[WhiteTitle "FM"]
[WhiteElo "2257"]
[BlackElo "2077"]
[WhiteFideId "2112884"]
[BlackFideId "115541"]
[EventDate "2025.05.23"]

1. Nf3 d5 2. e3 Nf6 3. c4 c6 4. b3 Bg4 5. Bb2 Nbd7 6. d4 e6 7. Nc3 Ne4 8. a3 f5
9. Be2 Bd6 10. Nd2 Bxe2 11. Qxe2 O-O 12. f4 g5 13. Ncxe4 fxe4 14. Qg4 Rf5 15. g3
Qe7 16. h4 Nf6 17. Qe2 g4 18. c5 Bc7 19. b4 a6 20. Bc3 h5 21. O-O Nd7 22. Nb3
Raf8 23. a4 Kh7 24. b5 e5 25. bxc6 bxc6 26. Bd2 exf4 27. exf4 Nb8 28. Be3 Kg6
29. a5 Qd8 30. Rfb1 R8f7 31. Qd2 Nd7 32. Nc1 Nf8 33. Ne2 Ne6 34. Kg2 Qh8 35. Ra2
Qe8 36. Raa1 Qh8 37. Ra4 Qd8 38. Qc1 Ng7 39. Rb6 Bxb6 40. axb6 R5f6 41. Kf2 Nf5
42. Ke1 Re6 43. Kd2 Re8 44. Rxa6 Rb7 45. Qa1 Qe7 46. Qa4 Rc8 47. Qa1 Rf8 48. Ra5
Qe8 49. Qa4 Rb8 50. Ra7 Ra8 51. b7 Rb8 52. Qa6 Rf7 53. Qb6 Qd7 0-1